000
00325nam a22001217a 4500
005
20230722112049.0
008
230722b ||||| |||| 00| 0 eng d
040
_c
AL
041
_a
eng
245
_a
Study to assess the knowledge and attitude of family members regarding mental illness
260
_c
2003
942
_2
ddc
_c
BK
999
_c
228077
_d
228077